MARC

LEADER 00000nam0a2200000 4500
001 275674
005 20231031230757.0
020 |a RU  |b 85-98664 
035 |a (RuTPU)RU\TPU\book\298919 
090 |a 275674 
100 |a 20141115d1985 k y0rusy5003 ca 
101 0 |a rus 
102 |a RU 
105 |a y z 001zy 
200 1 |a Эффективность хозяйственного механизма в отраслях промышленности  |e сборник научных трудов  |f Ленинградский инженерно-экономический институт им. Пальмиро Тольятти (ИНЖЭКОН) ; под ред. Л. М. Лукашевича 
210 |a Ленинград  |c Изд-во ЛИЭИ  |d 1985 
215 |a 159 с. 
320 |a Библиогр. в конце ст. 
606 1 |a Промышленные предприятия  |x Планирование  |2 stltpush  |3 (RuTPU)RU\TPU\subj\52641 
610 1 |a эффективность 
610 1 |a хозяйственный механизм 
610 1 |a производственные объединения 
610 1 |a экономическое стимулирование 
610 1 |a производственные фонды 
610 1 |a автоматизация 
610 1 |a научно-технический прогресс 
675 |a 658.011.46  |z rus  |v 3 
702 1 |a Лукашевич  |b Л. М.  |g Леонид Михайлович  |4 340 
712 0 2 |a Ленинградский инженерно-экономический институт им. Пальмиро Тольятти (ИНЖЭКОН)  |c (1930-1991)  |2 stltpush  |3 (RuTPU)RU\TPU\col\2563 
801 0 |a RU  |b RuMRKP  |c 19950704  |g psbo 
801 1 |a RU  |b 63413507  |c 20141115 
801 2 |a RU  |b 63413507  |c 20170330  |g RCR 
942 |c BK